INTERAL EQUATIONS AND BOUNDARY VALVE PROBLEMS (Record no. 5407)

MARC details
000 -LEADER
fixed length control field 00397nam a22001577a 4500
005 - DATE AND TIME OF LATEST TRANSACTION
control field 20180519114532.0
008 - FIXED-LENGTH DATA ELEMENTS--GENERAL INFORMATION
fixed length control field 170401b xxu||||| |||| 00| 0 eng d
020 ## - INTERNATIONAL STANDARD BOOK NUMBER
ISBN 978-81-219-28052
041 ## - LANGUAGE CODE
Language code of text/sound track or separate title eng
082 ## - DEWEY DECIMAL CLASSIFICATION NUMBER
Classification number 515.45
100 ## - MAIN ENTRY--AUTHOR NAME
Personal name RAISINGANIA,DR M.D
245 ## - TITLE STATEMENT
Title INTERAL EQUATIONS AND BOUNDARY VALVE PROBLEMS
260 ## - PUBLICATION, DISTRIBUTION, ETC. (IMPRINT)
Name of publisher S CHAND
Year of publication 1988
650 ## - SUBJECT ADDED ENTRY--TOPICAL TERM
Topical Term ENGINEERING
942 ## - ADDED ENTRY ELEMENTS (KOHA)
Koha item type Books
Holdings
Lost status Damaged status Collection code Home library Current library Shelving location Date acquired Source of acquisition Cost, normal purchase price Full call number Accession Number Koha item type
    CS/IT JRU Library JRU Library SHELF-57-C 24/10/2024 PURCHASE 275.00 515.45 21679 Books
    CS/IT JRU Library   SHELF-57-C 14/02/2023 PURCHASE 275.00 515.45 21680 Books
      JRU Library   SHELF-6-A 14/02/2023 PURCHASE 275.00 515.45 21681 Books